Postoj medzinárodného spoločenstva a vybraných medzinárodných finančných inštitúcií k znižovaniu chudoby
Definícia chudoby podľa Medzinárodnej rozvojovej banky. Znižovanie chudoby vo svete. Nový prístup k rozvojovým krajinám. Iniciatívy Svetovej banky a Medzinárodného menového fondu. Členenie veľmi zadlžených chudobných krajín.
Enregistré dans:
| Auteur principal: | |
|---|---|
| Format: | Chapitre de livre |
| Langue: | slovaque |
| Sujets: | |
| Tags: |
Pas de tags, Soyez le premier à ajouter un tag!
|
MARC
| LEADER | 00000naa a2200000 4500 | ||
|---|---|---|---|
| 001 | r043403 | ||
| 005 | 20230922120237.8 | ||
| 041 | 0 | |a slo | |
| 044 | |a SK | ||
| 245 | 1 | 0 | |a Postoj medzinárodného spoločenstva a vybraných medzinárodných finančných inštitúcií k znižovaniu chudoby |c Viera Jančušová |
| 520 | |a Definícia chudoby podľa Medzinárodnej rozvojovej banky. Znižovanie chudoby vo svete. Nový prístup k rozvojovým krajinám. Iniciatívy Svetovej banky a Medzinárodného menového fondu. Členenie veľmi zadlžených chudobných krajín. | ||
| 610 | 2 | 0 | |a spolupráca hospodárska medzinárodná |
| 610 | 2 | 0 | |a chudoba |
| 610 | 2 | 0 | |a krajiny rozvojové |
| 610 | 2 | 0 | |a globalizácia |
| 610 | 2 | 0 | |a Medzinárodný menový fond |
| 610 | 2 | 0 | |a organizácie finančné |
| 100 | 1 | |a Jančušová, Viera | |